Qawrankasax Waljawa : arte rupestre de cazadores y pastores en el río Ilave (sur del Perú) /
| Main Author: | |
|---|---|
| Other Authors: | |
| Format: | Libro |
| Language: | English |
MARC
| LEADER | 00000cam a2200000 a 4500 | ||
|---|---|---|---|
| 001 | 000192 | ||
| 003 | UAHC_CL | ||
| 005 | 20170803115621.0 | ||
| 008 | 030915b xx j 000 1 eng | ||
| 040 | |a UAHC_CL |c UAHC_CL |d UAHC_CL | ||
| 100 | 1 | |a Klarich, Elizabeth A. | |
| 245 | 1 | 0 | |a Qawrankasax Waljawa : |b arte rupestre de cazadores y pastores en el río Ilave (sur del Perú) / |c E.Klarich y M. Aldenderfer. |
| 300 | |a [11] p. | ||
| 500 | |a En: Boletín del Museo Chileno de Arte Precolombino. -- No. 8 (2001), pp. 47-58 | ||
| 700 | 1 | |a Aldenderfer, Mark S. | |
| 942 | |c BK | ||
| 999 | |c 192 |d 192 | ||